Responses for Show #354 - Thursday, January 16, 1986

Contestants

[<< previous game]

Geoff Fong, a college professor originally from Los Altos, California

Linda Shrum, a mother from Las Vegas, Nevada (whose 1-day cash winnings total $8,600)

Bill Fleming, a police sergeant from Mission Viejo, California (whose 2-day cash winnings total $20,000)

[next game >>]

Jeopardy! Round responses

PRESIDENTS
MUSICAL ANATOMY
NICKNAMES
SPORTS TRIVIA
STATE BIRDS
WOOD
    $100 11
Dwight Eisenhower

Bill
    $100 1
my shoulders

Linda
    $100 12
Luciano

Linda
    $100 6
Australia

Bill
    $100 22
a roadrunner

Linda
    $100 21
spruce

Geoff
    $200 13
(Alex: That speech must have been important.)

Teddy Roosevelt

Linda
    $200 2
eyes

Linda
    $200 17
(Geoff: What are the Chicago White Sox?)

the Chicago Cubs

Geoff
Triple Stumper
    $200 7
home plate

Geoff
    $200 27
[The end-of-round signal sounds.]

a seagull

Linda
    $200 23
(Linda: What are books?)
(Alex: What are books?)
(Linda: [*]?)
(Alex: Yeah, books & [*]; that's a more specific thing you gave us without us requesting it.)

paper

Linda
    $300 14
the Spanish-American War

Geoff
    $300 3
(Linda: What is "The First Time I Ever Saw Your Face"?)
(Alex: That's close enough.)

"The First Time Ever I Saw Your Face"

Linda
    $300 18
Clark Gable

Linda
    $300 8
Sweden

Triple Stumper
    $300 24
Juniper

Linda
    $400 15
Garfield

Geoff
    $400 4
"Muscles"

Linda
    $400 19
Patton

Linda
    $400 9
the National Basketball Association

Geoff
    $400 25
barrels (kegs)

Bill
    $500 16
(Alex: Yes, 24 trips out of the U.S.)

FDR

Linda
    $500 5
(Alex: Nice going, I thought Linda was gonna run through that whole category but you headed her off at the pass, Geoff...)

"Popsicle Toes"

Geoff
    $500 20
(Alex: We've got less than a minute to go in this round.)

the Rough Riders

Bill
    $800 10
(Geoff: What is Canada?)

the United States

Geoff
    $500 26
veneers

Triple Stumper

Scores at the first commercial break (after clue 10):

Bill Linda Geoff
$100 $1,000 $300

Scores at the end of the Jeopardy! Round:

Bill Linda Geoff
$1,100 $3,300 $900

Double Jeopardy! Round responses

SCIENCE
SPIES
GAME SHOWS
FOOD
DRAMA
"SAINT"LY NAMES
    $200 1
zoology

Geoff
    $200 26
[The end-of-round signal sounds.]

for your eyes only

Linda
    $200 20
(Alex: We've got less than a minute to go in the round.)
[ERRATUM: The show's title was Love Connection.]

Chuck Woolery

Bill
    $200 6
hamburger

Geoff
    $200 12
(Linda: What is Who is Afraid of Virginia Woolf?)

Who's Afraid of Virginia Woolf?

Linda
    $200 10
Eva Marie Saint

Geoff
    $400 2
nitrogen

Geoff
    $400 21
(Alex: They refer to it as [*]; I prefer sex.)
[Loud laughter]

whoopee

Triple Stumper
    $400 7
bread

Geoff
    $400 15
Sleuth

Linda
    $700 13
(Alex: That was part of the Danse macabre.)

(Camille) Saint-Saëns

Linda
    $600 3
an alloy

Geoff
    $600 22
Password

Bill
    $600 8
sugar

Geoff
    $600 16
The Birds

Linda
    $600 14
(Antoine de) Saint-Exupéry

Geoff
    $800 4
a payload

Triple Stumper
    $800 23
Kitty Carlisle

Bill
    $800 9
(cup of) coffee

Linda
    $800 17
[NOTE: Linda did not include the leading article in her correct response.]

A Raisin in the Sun

Linda
    $800 19
(Bill: Lili, who was [*]?)
(Alex: You got it in, in just the nick of time.)

Lili St. Cyr

Bill
    $1000 5
(Linda: What is coal?)

(oil) shale

Linda
Triple Stumper
    $1000 24
(Alex: Kissing Richard Dawson, you're absolutely right.)

Family Feud

Bill
    $1,000 11
(Alex: Hurry.)
(Geoff: Don't know.)

the potato & the tomato

Geoff
    $1000 18
(Alex: Her profession was supposedly "the oldest"; she was [*].)
...
(Linda: [Selecting the next clue] Uh, "SAINT"LY NAMES FOR $800, please.)
(Alex: Oh, interesting transition.)
[Linda chuckles]

a prostitute

Triple Stumper
    $1000 25
Ruth St. Denis

Triple Stumper

Scores at the end of the Double Jeopardy! Round:

Bill Linda Geoff
$4,500 $6,000 $3,100

[wagering suggestions for these scores]

Final Jeopardy! Round responses

THE OSCARS
GeoffWho are Sidney Poitier and?
$3,095
BillWho are Sidney Poitier &
$4,500
LindaWho are S. Poitier and Lou Gossett?
$3,100
Sidney Poitier & Lou Gossett (Jr.)

Final scores:

Bill Linda Geoff
$0 $9,100 $5
3rd place: Action recliner by Lane 2-day champion: $17,700 2nd place: trip on Eastern to St. Thomas in the U.S. Virgin Islands & stay at Bluebeard's Castle

Game dynamics:

Coryat scores:

Bill Linda Geoff
$4,500 $5,700 $4,900
9 R,
0 W
20 R
(including 1 DD),
1 W
14 R,
3 W
(including 2 DDs)

Combined Coryat: $15,100

[game clues] [game scores] [suggest correction]

Game tape date: 1985-09-10
The J! Archive is created by fans, for fans. Scraping, republication, monetization, and malicious use prohibited; this site may use cookies and collect identifying information. See terms. The Jeopardy! game show and all elements thereof, including but not limited to copyright and trademark thereto, are the property of Jeopardy Productions, Inc. and are protected under law. This website is not affiliated with, sponsored by, or operated by Jeopardy Productions, Inc. Join the discussion at JBoard.tv.